000 00989cam a22003257a 4500
003 CHAP
005 20220817042607.0
008 971013s1954 r 00010 d
010 _a49186
011 _a50158
035 _a54308
040 _cCHAP
090 _aFolleto 5315
100 0 0 _aRivero, José María del.
_997797
245 1 3 _aEl escarabajo del melón
260 _aMadrid :
_bMinisterio de Agricultura,
_c1954
300 _a8 p.
490 0 _aHojas divulgadoras
_v; 19-54
590 _aBATCH-UPD
_b10
_c20130110
_lUCH01
_h0405
590 _aBATCH-UPD
_b10
_c20130110
_lUCH01
_h2235
590 _aBATCH-UPD
_b10
_c20130410
_lUCH01
_h0038
590 _aBATCH-UPD
_b10
_c20130914
_lUCH01
_h1313
590 _aCONVERSION
_b10
_c20130109
_lUCH01
_h1327
650 1 4 _aEpilachna chrisomelina.
_937222
650 1 4 _aMelón
_xEnfermedades.
_974449
830 0 _aHojas divulgadoras
_v; 19-54
901 _aBK
942 _cFOLL
949 _aFolleto 5315
_bBC
_cFOLL
_d-119893
_eTS1
_i54308
_si
999 _c49186
_d49186